Poética del Mio Cid

में बचाया:
ग्रंथसूची विवरण
मुख्य लेखक: Huerta, Eleazar (लेखक)
स्वरूप: पुस्तक
भाषा:स्पेनिश
प्रकाशित: Santiago Nuevo Extremo 1948
विषय:
टैग: टैग जोड़ें
कोई टैग नहीं, इस रिकॉर्ड को टैग करने वाले पहले व्यक्ति बनें!

MARC

LEADER 00000nam a2200000 a 4500
001 UCZ5842
003 CL-VaPUC
008 951124e19480000CL |||||||||||||||||spa|d
082 0 4 |a 861  |b HUE  |2 21 
100 |a Huerta, Eleazar  |e author  |9 468025 
245 1 0 |a Poética del Mio Cid 
300 |a 212 p 
942 |c BK 
945 |d 19951124 00:00:00  |a lriquelm 
260 |a Santiago  |b Nuevo Extremo  |c 1948 
650 0 |a Poesía española  |9 264938 
650 0 |a Poesía épica española  |9 268761 
650 0 |a Crítica literaria   |9 269189 
583 |a last modification  |c 19951124 00:00:00  |k Rodrigo Vera 
999 |c 242129  |d 242127 
952 |0 0  |1 0  |4 0  |6 861_000000000000000_HUE_1948  |7 0  |8 P  |9 254870  |a BIBEDU  |b BIBEDU  |c BIBEDU_PB  |d 2019-11-19  |i 1577786  |o 861 HUE 1948  |p 1577786  |r 2024-01-25  |w 2019-11-19  |y BK  |k FIL 
952 |0 0  |1 0  |4 0  |6 861_000000000000000_HUE_1948  |7 0  |8 X  |9 254871  |a BIBHIS  |b BIBHIS  |d 2019-11-19  |i 1362135  |o 861 HUE 1948  |p 1362135  |r 2024-01-30  |w 2019-11-19  |y BK_X  |k HIS